| 000 | 00794cam a22002537a 4500 | ||
|---|---|---|---|
| 003 | CHAP | ||
| 005 | 20220329135017.0 | ||
| 008 | 971013s1977 r 00010 d | ||
| 010 | _a29498 | ||
| 011 | _a30470 | ||
| 035 | _a34582 | ||
| 040 | _cCHAP | ||
| 090 | _aFolleto 6283 | ||
| 100 | 0 | 0 |
_aLespinasse, J. M. _966350 |
| 245 | 1 | 3 |
_aLa conduite du pommier _b: types de fructification, incidence sur la conduite de l'arbre |
| 260 |
_aParis : _bInstitut National de Vulgarisation pour les fruits, Legumes et Champignons, _c1977 |
||
| 300 |
_a80 p. _b: ilus. |
||
| 590 |
_aBATCH-UPD _b10 _c20130110 _lUCH01 _h1516 |
||
| 590 |
_aCONVERSION _b10 _c20130109 _lUCH01 _h1317 |
||
| 650 | 1 | 4 |
_aManzana. _970730 |
| 901 | _aBK | ||
| 942 | _cFOLL | ||
| 949 |
_aFolleto 6283 _bBC _cFOLL _d-80012 _eTS1 _i34582 _si |
||
| 999 |
_c29498 _d29498 |
||